Berbahagia didunia dan diachirat; (Record no. 71844)

MARC details
000 -LEADER
fixed length control field 00694cam a22002171 4500
001 - CONTROL NUMBER
control field sa 67000239
003 - CONTROL NUMBER IDENTIFIER
control field DLC
005 - DATE AND TIME OF LATEST TRANSACTION
control field 20260227112313.0
008 - FIXED-LENGTH DATA ELEMENTS--GENERAL INFORMATION
fixed length control field 890514m19641965io ac 000 0 dut
010 ## - LIBRARY OF CONGRESS CONTROL NUMBER
LC control number sa 67000239
035 ## - SYSTEM CONTROL NUMBER
System control number (OCoLC)23396566
040 ## - CATALOGING SOURCE
Original cataloging agency DLC
Transcribing agency MiU
Modifying agency WU
-- DLC
042 ## - AUTHENTICATION CODE
Authentication code premarc
050 00 - LIBRARY OF CONGRESS CALL NUMBER
Classification number BP45
Item number .K3
100 1# - MAIN ENTRY--PERSONAL NAME
Personal name Kasim, Muhammad.
245 10 - TITLE STATEMENT
Title Berbahagia didunia dan diachirat;
Remainder of title buku peladjaran agama Islam untuk sekolah dasar,
Statement of responsibility, etc. oleh Muh. Kasim dkk.
260 ## - PUBLICATION, DISTRIBUTION, ETC.
Place of publication, distribution, etc. Bandung,
Name of publisher, distributor, etc. Pelita Masa,
Date of publication, distribution, etc. 1964-65.
300 ## - PHYSICAL DESCRIPTION
Extent 2 v.
Other physical details illus., ports.
Dimensions 17 cm.
500 ## - GENERAL NOTE
General note Vol. 2 has subtitle: Untuk kelas VI.
650 #0 - SUBJECT ADDED ENTRY--TOPICAL TERM
Topical term or geographic name entry element Islamic religious education
General subdivision Textbooks for children.

No items available.

Powered by Koha